| 000 | 00923nam a2200217Ii 4500 | ||
|---|---|---|---|
| 003 | JO-AjNU | ||
| 008 | 230605s9999||||xx |||||||||||||| ||und|| | ||
| 020 | _a978-9953-82-390-4 | ||
| 040 |
_aJO-AjNU _bara _erda _cJO-AjNU |
||
| 041 | _aara | ||
| 050 | 1 | 4 | _aPJ6071.A33 2011 |
| 100 | 3 |
_aإبراهيم أبو هشهش ... وآخرون؛ إشراف وتحرير هيثم سرخان, _eauthor _946324 |
|
| 245 | 0 | 0 | _aآفاق اللسانيات: دراسات - مراجعات - شهادات تكريما للأستاذ الدكتور نهاد الموسى = Horizons of Linguistics: Studies, Reviews and Monographs in Honor of Professor Nuhad Musa |
| 250 | _aط1 | ||
| 264 | 3 | 1 | _aبيروت: مركز دراسات الوحدة العربية، 2011 |
| 300 | _a560ص | ||
| 336 |
_atext _btxt _2rdacontent |
||
| 337 |
_aunmediated _bn _2rdamedia |
||
| 338 |
_avolume _bnc _2rdacarrier |
||
| 650 | 4 |
_aعلم اللغة _946325 |
|
| 999 |
_aA20143 _c23711 _d23711 |
||